A Hivatal-védte ellenzékiség

Elmentve itt :
Bibliográfiai részletek
Szerző: Kivül-álló
Dokumentumtípus: Cikk
Megjelent: 1982
Sorozat:Beszélő : politikai és kulturális folyóirat 4
Kulcsszavak:Politikatudomány, Társadalomtudomány
Online Access:http://misc.bibl.u-szeged.hu/2156
LEADER 00617nab a2200181 i 4500
001 misc2156
005 20191106141453.0
008 170607s1982 hu o 0|| hun d
022 |a 0865-4093 
040 |a SZTE Miscellanea Repozitórium  |b hun 
041 |a hun 
100 3 |a Kivül-álló  
245 1 2 |a A Hivatal-védte ellenzékiség  |h [elektronikus dokumentum] /  |c  Kivül-álló  
260 |c 1982 
300 |a 48-55 
490 0 |a Beszélő : politikai és kulturális folyóirat  |v 4 
695 |a Politikatudomány, Társadalomtudomány 
856 4 0 |u http://misc.bibl.u-szeged.hu/2156/1/beszelo_004_048-055.pdf  |z Dokumentum-elérés